La fractura: pasado y presente de la búsqueda de equidad social en América Latina
Guardat en:
| Autors principals: | , |
|---|---|
| Format: | Llibre |
| Idioma: | espanyol |
| Publicat: |
Buenos Aires
Fondo de Cultura Ecónomica
2016
|
| Edició: | 1a. ed |
| Col·lecció: | Sección de Obras de Economía
|
| Matèries: | |
| Etiquetes: |
Afegir etiqueta
Sense etiquetes, Sigues el primer a etiquetar aquest registre!
|
MARC
| LEADER | 00000cam a2200000 a 4500 | ||
|---|---|---|---|
| 001 | UCC3101 | ||
| 003 | CL-VaPUC | ||
| 008 | 180413e20160000ag |||||||||||||||||spa|d | ||
| 020 | |a 9789877191202 | ||
| 082 | 0 | 4 | |a 331.1377 |b BER |2 21 |
| 100 | 0 | |a Bértola, Luis |e author |9 597169 | |
| 700 | 0 | |a Williamson, Jeffrey |e author |9 597170 | |
| 245 | 1 | 3 | |a La fractura: pasado y presente de la búsqueda de equidad social en América Latina |
| 250 | |a 1a. ed | ||
| 300 | |a 640 p | ||
| 942 | |c BK | ||
| 945 | |d 20180413 15:45:00 |a arojas | ||
| 260 | |a Buenos Aires |b Fondo de Cultura Ecónomica |c 2016 | ||
| 650 | 7 | |a EQUIDAD SOCIAL |2 CL-VaPUC |9 489096 | |
| 650 | 0 | |a Igualdad de oportunidades |9 331873 | |
| 651 | 0 | |a América Latina |9 255027 | |
| 583 | |a last modification |c 20180413 15:45:00 |k Rodrigo Vera | ||
| 490 | 0 | |a Sección de Obras de Economía | |
| 999 | |c 370955 |d 370953 | ||
| 952 | |0 0 |1 0 |3 erb |4 0 |6 331_137700000000000_BER_2016 |7 0 |8 A |9 487758 |a BIBHIS |b BIBHIS |i 5464307 |l 1 |o 331.1377 BER 2016 |p 5464307 |r 2025-01-20 |s 2024-10-11 |w 2019-11-24 |y BK |z Catalogado en:20180413 |k HIS | ||